|
|
|
|
| LEADER |
00000naa2a2200000 4500 |
| 001 |
431767 |
| 005 |
20231101075417.0 |
| 035 |
|
|
|a (RuTPU)RU\TPU\prd\91940
|
| 035 |
|
|
|a RU\TPU\prd\34161
|
| 090 |
|
|
|a 431767
|
| 100 |
|
|
|a 20101202a2004 k y0rusy50 ca
|
| 101 |
0 |
|
|a rus
|
| 102 |
|
|
|a RU
|
| 200 |
1 |
|
|a Пылевая фоторезонансная плазма с кулоновскими столкновениями
|f А. Г. Леонов, А. Ф. Паль, А. Н. Старостин, А. В. Филиппов
|
| 225 |
1 |
|
|a Плазма, газы
|
| 320 |
|
|
|a Библиогр.: 40 назв.
|
| 461 |
|
1 |
|0 (RuTPU)RU\TPU\prd\1443
|x 0044-4510
|t Журнал экспериментальной и теоретической физики
|l ЖЭТФ
|f Российская академия наук (РАН) ; Отделение физических наук РАН
|d 1931-
|
| 463 |
|
1 |
|0 (RuTPU)RU\TPU\prd\91933
|t Т. 126, вып. 1
|v с. 75-88
|d 2004
|
| 610 |
1 |
|
|a кулоновские столкновения
|
| 610 |
1 |
|
|a пылевая плазма
|
| 610 |
1 |
|
|a фоторезонансная плотная плазма
|
| 610 |
1 |
|
|a натрий
|
| 610 |
1 |
|
|a буферные газы
|
| 610 |
1 |
|
|a аргон
|
| 610 |
1 |
|
|a заряженные пылевые частицы
|
| 701 |
|
1 |
|a Леонов
|b А. Г.
|
| 701 |
|
1 |
|a Паль
|b А. Ф.
|
| 701 |
|
1 |
|a Старостин
|b А. Н.
|
| 701 |
|
1 |
|a Филиппов
|b А. В.
|
| 801 |
|
1 |
|a RU
|b 63413507
|c 20050324
|g PSBO
|
| 801 |
|
2 |
|a RU
|b 63413507
|c 20101203
|g RCR
|
| 942 |
|
|
|c BK
|